| 000 | 01374nam a22001937a 4500 | ||
|---|---|---|---|
| 005 | 20220613111209.0 | ||
| 008 | 220613b ||||| |||| 00| 0 eng d | ||
| 020 | _a9780749454074 | ||
| 050 | _aHD38.5.L614(3e) | ||
| 245 |
_aLogistics and retail management : emerging issues and new challenges in the retail supply chain / _cedited by John Fernie and Leigh Sparks. |
||
| 250 | _a3rd ed. | ||
| 260 |
_aLondon : _bKogan Page, _c2009. |
||
| 300 |
_axix, 284 p. : _bill. ; _c24 cm. |
||
| 500 | _aIncludes index. | ||
| 505 | _aContents : Part 1 : Concepts in retail logistics and supply chain management : Retail logistics : changes and challenges -- Relationships in the supply chain -- The internationalization of the retail supply chain-- Part 2 : Non-food (fashion) logistics : Market orientation and supply chain management in the fashion industry -- Fashion logistics and quick response -- Agile merchandizing in European textile fashion industry -- Part 3 : Food logistics : Tesco's supply chain management -- Temperature controlled supply chains -- On- shelf availability in UK grocery retailing : a case study -- Part 4 : Emerging issues : technology and environmental logistics : The development of e-tail logistics -- RFID : transforming technology? -- The greening of retail logistics. | ||
| 700 | _aFernie, John. | ||
| 700 | _aSparks, Leigh. | ||
| 942 |
_2lcc _cBK |
||
| 999 |
_c9014 _d16514 |
||